Ortschaften des Kantons St. Gallen - Statistiken

Allgemein
  • Dieses Quiz wurde 188 mal gespielt
  • Das Durchschnittsergebnis liegt bei 87 aus 192
Antworten auf der Karte
Die Antworten werden auf der Karte rot bzw. grün angezeigt, abhängig davon wie oft sie richtig erraten wurden.
 
Antwortstatistiken
Einwohner Ortschaft % Korrekt
78’447 St. Gallen
93%
19’739 Wil
93%
8’555 Rapperswil
92%
18’610 Jona
83%
9’980 Rorschach
83%
16’496 Gossau
82%
7’065 Uznach
82%
9’220 Altstätten
80%
6’505 Sargans
80%
6’381 St. Margrethen
78%
4’582 Walenstadt
78%
14’246 Buchs
77%
6’825 Bad Ragaz
75%
3’687 Rheineck
75%
5’003 Uzwil
75%
7’655 Rorschacherberg
73%
723 Wald
73%
6’636 Diepoldsau
72%
6’832 Wattwil
72%
5’020 Eschenbach
70%
7’114 Mels
70%
4’127 Schmerikon
70%
4’902 Au
68%
10’529 Flawil
68%
3’889 Flums
67%
5’874 Grabs
67%
1’536 Haag (Rheintal)
67%
3’222 Schänis
67%
1’210 Wildhaus
67%
671 Alt St. Johann
65%
3’715 Gams
65%
1’794 Nesslau
65%
386 Quarten
65%
2’542 Rüthi (Rheintal)
65%
1’545 Amden
63%
3’035 Benken
63%
342 Stein
63%
3’216 Thal
63%
1'012 Berg
62%
5’019 Ebnat-Kappel
62%
445 Ricken
62%
5’069 Sevelen
62%
2’288 Weesen
62%
9’684 Goldach
60%
2’953 Kirchberg
60%
750 Neu St. Johann
60%
1’466 Niederbüren
60%
2’398 Oberbüren
60%
9’787 Wittenbach
60%
5’415 Abtwil
58%
3’763 Degersheim
58%
2’997 Engelburg
58%
2’095 Sennwald
58%
3’822 Zuzwil
58%
3’685 Berneck
57%
1’215 Muolen
57%
5’466 Oberriet
57%
5’248 Oberuzwil
57%
47 Quinten
57%
103 Flumserberg Tannenbodenalp
57%
2’513 Waldkirch
57%
4’675 Balgach
55%
185 Egg (Flawil)
55%
629 Pfäfers
55%
173 Flumserberg Saxli
55%
209 Flumserberg Tannenheim
55%
3’578 Steinach
55%
995 Altenrhein
53%
2’216 Andwil
53%
3’063 Bütschwil
53%
2’010 Gommiswald
53%
916 Häggenschwil
53%
5’096 Kaltbrunn
53%
2’748 Lichtensteig
53%
2’125 Marbach
53%
3’650 Mörschwil
53%
1’357 Niederhelfenschwil
53%
392 Oberterzen
53%
414 Flumserberg Bergheim
53%
226 Flumserberg Portels
53%
887 Unterterzen
53%
1’975 Eggersriet
52%
1’190 Lütisburg
52%
476 Lütisburg Station
52%
1’818 Mosnang
52%
2’912 Wangs
52%
576 Hemberg
50%
1’483 Niederwil
50%
2’957 Staad
50%
2’145 Vilters
50%
9’681 Widnau
50%
5’049 Rebstein
48%
737 Unterwasser
48%
62 Ziegelbrücke
48%
4’985 Bazenheid
47%
1’186 Eichberg
47%
749 Murg
47%
978 Oberhelfenschwil
47%
1’883 Arnegg
45%
1’847 Jonschwil
45%
6’584 Niederuzwil
45%
1’483 Trübbach
45%
1’009 Untereggen
45%
389 Vättis
45%
231 Walenstadtberg
45%
5’343 Heerbrugg
43%
876 Salez
43%
1’605 Tübach
43%
3’877 Bronschhofen
42%
1’226 Ganterschwil
42%
658 Mogelsberg
42%
1’002 Brunnadern
40%
492 Grub
40%
589 Krummenau
40%
579 Mols
38%
921 Sax
38%
1’173 Werdenberg
38%
1’797 Azmoos
37%
845 Frümsen
37%
1’650 Henau
37%
340 Valens
37%
1’245 Wagen
37%
963 Bernhardzell
35%
1’895 Kriessern
35%
282 Krinau
35%
2’015 Montlingen
35%
635 Oberschan
35%
2’126 Schwarzenbach
35%
1’057 Zuckenriet
35%
154 Bollingen
33%
1’103 Goldingen
33%
355 Grabserberg
33%
2’041 Lüchingen
33%
403 Necker
33%
1’619 St. Gallenkappel
33%
109 Weisstannen
33%
690 Berschis
32%
1’062 Gähwil
32%
564 St. Peterzell
32%
1’194 Weite
32%
661 Dietfurt
30%
809 Ermenswil
30%
1’508 Heiligkreuz (Mels)
30%
379 Flums Hochwiese
30%
209 St. Josefen
30%
80 Vasön
30%
571 Lömmenschwil
28%
1’005 Neuhaus
28%
93 Schwendi im Weisstannental
28%
104 St. Margrethenberg
28%
473 Lienz
27%
146 Mädris-Vermol
27%
128 Malans
27%
492 Maseltrangen
27%
87 Gretschins
25%
333 Libingen
25%
587 Plons
25%
377 Rufi
25%
1’328 Uetliburg
25%
629 Algetshausen
23%
383 Bächli (Hemberg)
23%
436 Ennetbühl
23%
779 Rieden
23%
1’333 Rossrüti
23%
338 Tscherlach
23%
794 Lenggenwil
22%
52 Vadura
22%
230 Walde
22%
1’220 Züberwangen
22%
993 Bichwil
20%
739 Ernetschwil
20%
432 Mühlrüti
20%
158 Oberrindal
20%
149 Unterrindal
20%
378 Dicken
18%
949 Hinterforst
18%
688 Sonnental
18%
424 Niederglatt
17%
323 Rüeterswil
17%
1’284 Ulisbach
17%
379 Dreien
15%
172 Fontnas
15%
504 Gebertingen
15%
82 Oberholz
15%
422 Dietschwil
13%
253 Hoffeld
13%
492 Wolfertswil
13%
121 Ebersol
10%
153 Niederstetten
8%
135 Oberstetten
7%
292 Müselbach
5%
324 Nassen
5%
Keine übereinstimmenden Quizze gefunden
Verteilung der Resultate
Anzahl Personen mit jedem Resultat
Perzentil nach korrekt beantworteten Fragen
Ihre Resultats-Entwicklung
Sie haben dieses Quiz noch nicht gespielt